000 00589nam a2200229Ia 4500
003 OSt
005 20221005123200.0
006 a|||||r|||| 00| 0
007 ta
008 221004b |||||||| |||| 00| 0 tam d
024 _a52620
037 _cTextual
040 _aCRL
_cCRL
_btam
041 _2tam
_atam
082 _aO31,1C92:g, K1
100 _aSundaranar Meenatchi Au.
_9633293
245 0 _aKudimakkal kappiyam
260 _c1961
650 _aTAMIL POETRY
942 _hO31,1C92:g, K1
_cTEXL
_2cc
999 _c1046642
_d1046642